000 00678nam a22002297a 4500
003 UA-OsUOA
001 97907
007 ta
008 20130408b un ||||| |||| 00| 0 ukr d
100 _aПанова В.
090 _a821.161.1
_bП16
942 _cBK
040 _aUA-OsUOA
_brus
_cUA-OsUOA
_dUA-OsUOA
245 _aСобрание сочинений в пяти томах
_bТ. 5
_cПьесы
300 _a414 с.
955 _a3
041 _arus
080 _a821.161.1
260 _aЛенинград
_bХудожественная литература
_c1970
650 7 _a82 Література. Літературознавство
_2UDC
999 _c384151
_d384151